000 00202 a2200097 4500
001 11780
100 _aO' Brien, C.
245 _aTo Katanga and back
260 _a
_bHutchinson
_c
090 _c9036
_d9036
942 _aNUST-CAE
_cM
_c35863
999 _c246853
_d246853